Normal view
MARC view
- Reijers, Wessel
Entry Personal Name
001 - CONTROL NUMBER
- control field: 27249
003 - CONTROL NUMBER IDENTIFIER
- control field: IN-BhIIT
005 - DATE AND TIME OF LATEST TRANSACTION
- control field: 20260214161158.0
008 - FIXED-LENGTH DATA ELEMENTS
- fixed length control field: 260214|| aca||aabn | a|a d
040 ## - CATALOGING SOURCE
- Original cataloging agency: IN-BhIIT
- Transcribing agency: IN-BhIIT
100 ## - HEADING--PERSONAL NAME
- Personal name: Reijers, Wessel
670 ## - SOURCE DATA FOUND
- Source citation: Work cat.: (IN-BhIIT)15284: Reijers, Wessel Author, Narrative and technology ethics / , 2020.